000 01395nam0a22003131 4500
001 rc\2694413
005 20250623163818.0
035 _a(NLR Aleph) 006822617
090 _a6459850
_c6459850
100 _a20110915d1933 |||y0rusy50 ca
101 0 _arus
102 _aRU
105 _aa z |||||
200 1 _aСборник работ Технологического отдела ВИТПа
_fА. С. Бороздина, П. К. Дорохов, Н. Л. Гоняк, И. И. Лосев
210 _aКраснодар
_cтип. им. А. А. Лиманского
_d1933
215 _aОбл., 34 с.
_cчерт.
_d25х17 см.
225 1 _a[Труды]
_fНаркомснаб СССР. Науч.-иссл. сектор. Всес. ин-т табачной пром-сти
_vВып. № 105
300 _aПеред загл.: А. С. Бороздина, П. К. Дорохов, Н. Л. Гоняк и И. И. Лосев
702 1 _aГоняк
_bН.Л.
_4220
702 1 _aЛосев
_bИ.И.
_4220
702 1 _aДорохов
_bП.К.
_4220
702 1 _aБороздина
_bА.С.
_4220
710 0 2 _aВсесоюзный институт табачной промышленности (Краснодар).
_bТехнологический отдел
801 0 _aRU
_bNLR
_gpsbo
801 1 _aRU
_bELAR
_2rusmarc
852 _aNLR
_jП13/409
942 _cBOOK
980 _aNB